Engineering Economy (Record no. 23779)
[ view plain ]
| 000 -LEADER | |
|---|---|
| fixed length control field | 00190nam a22000737a 4500 |
| 003 - CONTROL NUMBER IDENTIFIER | |
| control field | Nust |
| 005 - DATE AND TIME OF LATEST TRANSACTION | |
| control field | 20170525113912.0 |
| 008 - FIXED-LENGTH DATA ELEMENTS--GENERAL INFORMATION | |
| fixed length control field | 140116b xxu||||| |||| 00| 0 eng d |
| 020 ## - INTERNATIONAL STANDARD BOOK NUMBER | |
| Terms of availability | Available |
| International Standard Book Number | 9780262730099 |
| 040 ## - CATALOGING SOURCE | |
| Original cataloging agency | DLC |
| Language of cataloging | DLC |
| Transcribing agency | RCMS |
| 082 ## - DEWEY DECIMAL CLASSIFICATION NUMBER | |
| Edition number | 2nd, ed. |
| Classification number | 658.152 BLA |
| 100 ## - MAIN ENTRY--PERSONAL NAME | |
| Personal name | Norbert Wiener |
| 9 (RLIN) | 1409 |
| 245 ## - TITLE STATEMENT | |
| Title | Engineering Economy |
| Medium | English |
| 250 ## - EDITION STATEMENT | |
| Edition statement | 2nd, ed. |
| 260 ## - PUBLICATION, DISTRIBUTION, ETC. | |
| Place of publication, distribution, etc. | USA |
| Name of publisher, distributor, etc. | The Massachusetts Institute of Technology |
| Date of publication, distribution, etc. | c1961. |
| 300 ## - PHYSICAL DESCRIPTION | |
| Extent | xvi, 212 p. : |
| Other physical details | ill, ; |
| Dimensions | 22 cm. |
| 538 ## - SYSTEM DETAILS NOTE | |
| Display text | Shelf # 12, Row # 2, System Engineering. |
| 650 ## - SUBJECT ADDED ENTRY--TOPICAL TERM | |
| Topical term or geographic name entry element | Control & Communication in the Animal & Machine. |
| 9 (RLIN) | 1410 |
| 856 ## - ELECTRONIC LOCATION AND ACCESS | |
| Materials specified | Table of Contents Only. |
| 942 ## - ADDED ENTRY ELEMENTS (KOHA) | |
| Source of classification or shelving scheme | |
| Koha item type | Book |
| Call number prefix | 658.152 BLA |
| Withdrawn status | Lost status | Source of classification or shelving scheme | Damaged status | Not for loan | Permanent Location | Current Location | Shelving location | Date acquired | Total Checkouts | Barcode | Date last seen | Price effective from | Koha item type |
|---|---|---|---|---|---|---|---|---|---|---|---|---|---|
| School of Interdisciplinary Engineering and Sciences (SINES) | School of Interdisciplinary Engineering and Sciences (SINES) | General Stacks | 01/16/2014 | RCMS002579 | 01/16/2014 | 01/16/2014 | Book |
